Liberalizm i ekonomičeskije reformy.

Autor dokazuje, že používanie termínu "administratívno-prikazovací systém" pre bývalý Sovietsky zväz je nesprávne, pretože ekonomika ZSSR sa už dávno premenila na ekonomiku "súhlasu" so špecifickým typom trhu založeným na rozmanitosti platobných prostriedkov, že prívrženci liberalizácie cien narušuj...

Full description

Saved in:
Bibliographic Details
Main Author: Najšul', V.
Format: Book Chapter
Language:Russian
Subjects:
Tags: Add Tag
No Tags, Be the first to tag this record!

MARC

LEADER 00000naa a2200000 4500
001 r010393
005 20221130113148.6
041 0 |a rus 
044 |a [SU] 
245 1 0 |a Liberalizm i ekonomičeskije reformy.  |c V. Najšul' 
520 |a Autor dokazuje, že používanie termínu "administratívno-prikazovací systém" pre bývalý Sovietsky zväz je nesprávne, pretože ekonomika ZSSR sa už dávno premenila na ekonomiku "súhlasu" so špecifickým typom trhu založeným na rozmanitosti platobných prostriedkov, že prívrženci liberalizácie cien narušujú sociálny dohovor, že neúspech liberálnych ekonomických reforiem a trhovej transformácie, agresívna monetárna stabilizačná politika s existenciou silného štátu je spôsobený nie radikálnosťou, ale etatizmom a nedostatočnou liberálnosťou koncepcie. 
610 2 0 |a reformy hospodárske 
610 2 0 |a ZSSR 
610 2 0 |a liberalizmus 
610 2 0 |a trh 
610 2 0 |a ceny 
610 2 0 |a štát 
100 1 |a Najšul', V.